| 000 | 00649nam a2200181Ia 4500 | ||
|---|---|---|---|
| 008 | 170725s9999 xx 000 0 und d | ||
| 100 | _aJinghe Han | ||
| 245 | _aEnhancement of Higher Degree Candidates’ Research Literacy: A Pilot Study of International Students | ||
| 245 | _cJinghe Han, James Schuurmans-Stekhoven | ||
| 260 | _c2017 | ||
| 300 | _apages 31-41, April | ||
| 440 |
_aThe Asia-Pacific Education Researcher _v26:1-2 |
||
| 500 | _aCJ0033 | ||
| 650 | _aHIGHER DEGREE RESEARCH EDUCATION | ||
| 650 | _aINFORMATION PRACTICE, TEACHER RESEARCH EDUCATION, INFORMATION EVALUATION | ||
| 650 | _aRESEARCH LITERACY | ||
| 650 | _aWORKSHOPS | ||
| 999 |
_c340905 _d340905 |
||